| 000 | 00000nam 2200000zi 4500 |
| 001 | 9.943737 |
| 003 | CaOODSP |
| 005 | 20241002154301 |
| 006 | m o d f |
| 007 | cr |n||||||||| |
| 008 | 241002e200301##onco ob f000 0 eng d |
| 040 | |aCaOODSP|beng|erda|cCaOODSP |
| 043 | |an-cn--- |
| 086 | 1 |aEn13-11/5-2003E-PDF |
| 245 | 00|aEnvironmental Effects Monitoring (EEM) : |bmetal mining and pulp and paper mill effluent regulations. |
| 264 | 1|a[Ottawa] : |bEnvironment Canada, National Guidelines and Standards Office, |cJanuary 2003. |
| 300 | |a1 online resource (5 pages) : |bphotographs. |
| 336 | |atext|btxt|2rdacontent |
| 337 | |acomputer|bc|2rdamedia |
| 338 | |aonline resource|bcr|2rdacarrier |
| 490 | 1 |aSediment assessment series ; |vFactsheet 5 |
| 500 | |aDigitized edition from print [produced by Environment and Climate Change Canada]. |
| 500 | |aIssued also in French under title: Étude de suivi des effets sur l'environnement (ESEE) : règlement sur les effluents des mines de métaux et règlement sur les effluents des fabriques de pâtes et papiers. |
| 504 | |aIncludes bibliographical references (page 5). |
| 520 | |a"Sediments are an integral component of aquatic ecosystems. They provide habitat and food resources to benthic organisms, and can act as both a sink for and source of contaminants that enter aquatic systems from point sources, such as metal mine or pulp and paper mill effluent"--Page [1]. |
| 650 | 0|aSediments (Geology)|xAnalysis. |
| 650 | 0|aContaminated sediments. |
| 650 | 0|aSedimentation and deposition|xResearch|zCanada. |
| 710 | 1 |aCanada.|bNational Guidelines and Standards Office, |eissuing body. |
| 775 | 08|tÉtude de suivi des effets sur l'environnement (ESEE) : |w(CaOODSP)9.943739 |
| 830 | #0|aSediment assessment series ;|vFactsheet 5.|w(CaOODSP)9.920607 |
| 856 | 40|qPDF|s4078 KB|uhttps://publications.gc.ca/collections/collection_2024/eccc/En13-11-5-2003-eng.pdf |